000 00720nam a2200265Ia 4500
001 Para_4589
003 CHAP
008 220125s1933 xx 000 0 und d
010 _a203070
040 _cCHAP
090 _aPA FOLLETO 1928
100 _aHoerner, G. R.
_955774
245 _aDowny mildew of hops /
_c G. R. Hoerner
260 _aCorvallis, Oregon :
_b State Agricultural College
300 _a8 p.
440 _aOregon. Sta. Agri. Coll. Bull; 466
_9168660
650 _aLupuló
_x Enfermedades
_969173
901 _aPA FOLLETO 1928
902 _aA
905 _a0000001933 COR 0000000000 00
910 _a1933
942 _cPARA
942 _cPARA
_d1
999 _c203070
_d203070